000 00605nam a2200217Ia 4500
005 20241129110114.0
008 241129s9999||||xx |||||||||||||| ||und||
020 _a978-93-94701-26-7
037 _aTB
040 _aARTS
_beng
_cARTS
041 _aeng
_2eng
084 _aV2 R3
_qARTS
100 _aBawa Seema Au.
_9727218
245 0 _aDelights and disquiets of leisure in premodern India
_cBawa Seema Au.
260 _aNew Delhi, India
_bNew Bloomsbury
_c2023
300 _axiii,293p.
365 _aINR
_b1599
650 _aHistory-India
942 _cTB
_hV2 R3
999 _c1227324
_d1227324